| 000 | 00509cam a2200193ua 4500 | ||
|---|---|---|---|
| 020 | _c295.00 | ||
| 041 |
_aeng _h |
||
| 082 |
_a005.369 _bCLA/MI |
||
| 100 | _aClniy, Patrick . | ||
| 245 |
_aMicrosoft internet explorer: 4 Essentials / _cPatrick Claniy. _hTextual Documents |
||
| 250 |
_a1 / _b. |
||
| 260 |
_aNew Delhi : _bPrentice Hall of India Pvt Ltd. , _c1999. |
||
| 300 | _a224 ; . | ||
| 365 | _a295.00 | ||
| 504 | _a | ||
| 700 | 1 | _aNelson, Rebecca . | |
| 942 | _cBK | ||
| 999 |
_c5426 _d5426 |
||